000 00628nam a2200217Ia 4500
003 OSt
005 20230503105828.0
008 210423s2018 xx 000 0 und d
020 _a978-1-107-62977-6
040 _cAL
041 _aeng
082 _a330.072
_223
_bJACE
100 _aJACQUEMET (Nicolas);HARIDON (Olivier)
_996674
245 _aExperimental economics: method and applications
260 _aNew Delhi
_bCambridge University Press
_c2018
300 _axix,450
_bPB
365 _b3055.24
_cUSD
650 _aEconomics
_996675
906 _aapplications ; economics: ; Experimental ; method
942 _2ddc
_cBK
999 _c170843
_d170843